000 00554nam a2200217Ia 4500
008 160819s9999 xx 000 0 und d
020 _a1-7412-1944-2
050 _aCUL TX 740
050 _b.S68 2005
245 _aSoups & hors d'oeuvres /
245 _cJody Vassallo, food editor.
260 _aAustralia :
260 _bHinkler Books Pty. Ltd.,
260 _c2005
300 _a63 pages :
300 _bcolor illustrations ;
300 _c21 cm.
440 _aEssential cooking series
500 _aIncludes index.
650 _aCookery.
999 _c300730
_d300730